[Event "?"]
[Site "Ciego de Avila"]
[Date "2010.01.15"]
[Round "4"]
[White "Ortiz Suarez, Isan Reynaldo"]
[Black "Martinez Duany, Lelys Stanley"]
[Result "1/2-1/2"]
[WhiteElo "2523"]
[BlackElo "2506"]
[PlyCount "142"]
[EventDate "2010.01.12"]
[EventCountry "CUB"]

1. d4 Nf6 2. c4 d6 3. Nf3 Nbd7 4. Nc3 e5 5. e4 Be7 6. Be2 O-O 7. O-O Re8 8. Qc2
Bf8 9. Rd1 c6 10. Be3 ({RR} 10. Bg5 Qc7 11. b4 b6 12. a3 Bb7 13. d5 c5 14. Nd2
g6 15. Nb3 Bg7 16. Nb5 Qb8 17. bxc5 Nxc5 18. Nxc5 bxc5 19. Rab1 Ba6 20. Bd2 Nd7
21. Bg4 Nb6 22. a4 Bc8 23. Bxc8 Nxc8 24. Rb3 a6 {Granda Zuniga,J (2610)-Martin
Ortega,O (1900)/La Laguna ESP 2009/The Week in Chess 757/1-0 (32)}) 10... Ng4
11. Bg5 Qa5 $146 ({RR} 11... Qc7 12. h3 Ngf6 13. d5 a6 14. b4 cxd5 15. exd5 g6
16. Rac1 Nh5 17. Qb3 b6 18. Bd3 Rb8 19. Qa3 Nf4 20. Bf1 Nf6 21. Na4 Qd8 22.
Bxf4 exf4 23. Nd4 Bd7 24. Nc6 Bxc6 25. dxc6 Qc7 26. Qf3 {
Salama,O (2174)-Stoma,P (2265)/Pardubice 2006/CBM 113 ext/1-0 (47)}) ({RR} 
11... Be7 12. Bc1 {
1/2-1/2 Cvitan,O (2506)-Milov,V (2675)/Switzerland 2008/EXT 2009} {RR} a5 13.
h3 exd4 14. Nxd4 Ngf6 15. Nf5 Nc5 16. e5 Bxf5 17. Qxf5 g6 18. Qc2 Nfd7 19. exd6
Bf8 20. Bf4 Qf6 21. Bg3 Rad8 22. Bf1 Re6 23. a3 Bxd6 24. Bxd6 Rxd6 25. b4 Rxd1
26. Rxd1 axb4 27. axb4 {Gausel,E (2485)-Moen,O (2245)/Drammen 1994/TD/1-0 (80)}
) ({RR} 11... f6 12. Bd2 g6 13. d5 c5 14. a3 Nh6 15. b4 b6 16. Rab1 Nf7 17. Bd3
Bh6 18. Be1 Kh8 19. Nd2 Bxd2 20. Bxd2 g5 21. Ne2 Nf8 22. Ng3 Ng6 23. Nf5 Ne7
24. Ne3 Rg8 25. Rf1 Qe8 26. f3 {
Delchev,A (2455)-Petrosian,K (2400)/Budapest 1995/EXT 1997/1-0 (47)}) 12. Rab1
h6 13. b4 Qc7 14. Bc1 a5 15. a3 axb4 16. axb4 exd4 17. Nxd4 Ngf6 18. Bf4 Ne5
19. h3 Qe7 20. Re1 g6 21. Bg3 Bg7 22. Nb3 g5 23. c5 dxc5 24. Nxc5 Nfd7 25. N3a4
Nxc5 26. Nxc5 Ra3 27. Qc1 Ra2 28. Bc4 Nxc4 29. Qxc4 Be6 30. Nxe6 Qxe6 31. Qc5
Rd8 32. Qb6 Rd7 33. e5 Rd3 34. Rbd1 Rd7 35. b5 Bf8 36. bxc6 Rxd1 37. Rxd1 Qxc6
38. Qd8 Rc2 39. Rd7 Qc4 40. e6 Rc1+ 41. Kh2 Qxe6 42. Bd6 Qxd7 43. Qxd7 Rd1 44.
Qxb7 Rxd6 45. Qc8 Re6 46. h4 Kg7 47. Kh3 Be7 48. hxg5 hxg5 49. g3 Bf6 50. Qc4
Rd6 51. f4 gxf4 52. gxf4 Rd4 53. Qc7 Re4 54. Kg3 Re7 55. Qc5 Re6 56. Kg4 Be7
57. Qd4+ Bf6 58. Qd5 Be7 59. Qb7 Bf6 60. Kf5 Be7 61. Qb2+ Kg8 62. Qc3 Rf6+ 63.
Kg4 Rg6+ 64. Kf3 Re6 65. Qd4 Bf6 66. Qd5 Kg7 67. Qh5 Be7 68. Qh3 Bf6 69. Qg2+
Kf8 70. Kg4 Be7 71. Kh5 Rg6 1/2-1/2

[Event "?"]
[Site "Ciego de Avila"]
[Date "2010.01.15"]
[Round "4"]
[White "Bacallao Alonso, Yusnel"]
[Black "Jimenez Fraga, Pedro Alejandro"]
[Result "1-0"]
[WhiteElo "2506"]
[BlackElo "2453"]
[PlyCount "113"]
[EventDate "2010.01.12"]
[EventCountry "CUB"]

1. e4 c5 2. Nf3 d6 3. d4 cxd4 4. Nxd4 Nf6 5. Nc3 a6 6. Be2 e6 7. a4 Nc6 8. O-O
Be7 9. Kh1 O-O 10. Be3 Qc7 11. f4 Re8 12. Bf3 Nxd4 13. Qxd4 e5 14. Qd2 exf4 15.
Bd4 Be6 16. Qxf4 Nd7 ({RR} 16... Rad8 17. a5 Qc4 18. Rfd1 Nd7 19. Qg3 Ne5 20.
Be2 Qc8 21. Rd2 Ng6 22. Bb6 Rd7 23. Rad1 h6 24. Qf2 Qc6 25. Bf3 Ne5 26. Nd5 Bg5
27. Rd4 Qc8 28. c3 Bxd5 29. Rxd5 Re6 30. Be2 Qc6 31. Bd4 {Petrosian,T (2606)
-Akesson,R (2470)/Cappelle la Grande 2008/CBM 122 Extra/1-0 (44)}) 17. Bg4 Bf6
18. Bxe6 $146 ({RR} 18. Bxf6 Nxf6 19. Bf5 Bxf5 20. exf5 Qb6 21. Qd2 Rac8 22.
Ra3 Qc5 23. a5 Re5 24. Qf4 Rce8 25. Raa1 d5 26. Rad1 Qxa5 27. g4 Ne4 28. f6
Nxc3 29. fxg7 R8e7 30. bxc3 Qxc3 31. Rd2 Re1 32. Rxe1 Rxe1+ {
Friedrich,N (2317)-Weindl,A (2365)/Switzerland 2002/EXT 2003/0-1 (35)}) 18...
fxe6 19. Bxf6 Nxf6 20. Rad1 Rad8 21. Rf3 Rf8 22. Rdf1 Qc5 23. h3 Qe5 24. Qe3
Rf7 25. Qb6 Rdf8 26. Kg1 h6 27. R1f2 g5 28. Qe3 Kg7 29. Rf1 Kg6 30. b4 g4 31.
Rf4 Rc7 32. Ne2 Nd5 33. Rxg4+ Kh7 34. Qa3 Rxf1+ 35. Kxf1 Nf6 36. Rf4 Rxc2 37.
Qf3 Kg7 38. Kg1 Rxe2 39. Rg4+ Nxg4 40. Qxg4+ Kf6 41. Qxe2 Qd4+ 42. Kh2 Qxb4 43.
Qf2+ Ke7 44. Qh4+ Kd7 45. Qxh6 Qxe4 46. Qg7+ Kc6 47. g4 d5 48. g5 d4 49. g6
Qe2+ 50. Kg3 Qe1+ 51. Kg2 Qe4+ 52. Kh2 Qe1 53. Qxd4 Qe2+ 54. Kg3 Qe1+ 55. Qf2
Qb1 56. Qg2+ Kd6 57. Kh2 1-0

[Event "?"]
[Site "Ciego de Avila"]
[Date "2010.01.15"]
[Round "4"]
[White "Hernandez Carmenates, Holden"]
[Black "Almeida Quintana, Omar"]
[Result "0-1"]
[WhiteElo "2567"]
[BlackElo "2538"]
[PlyCount "36"]
[EventDate "2010.01.12"]
[EventCountry "CUB"]

1. d4 g6 2. Nf3 Bg7 3. e4 d6 4. c4 Bg4 5. Nc3 Bxf3 6. gxf3 Nc6 7. Be3 e5 8. d5
Nd4 9. Nb5 c5 10. dxc6 bxc6 11. Nxd4 exd4 12. Bxd4 Qa5+ 13. Ke2 Nf6 14. Bxf6
$146 ({RR} 14. Bc3 Qc7 15. Qd2 ({RR} 15. Bg2 O-O 16. Re1 d5 17. e5 Nh5 18. Kf1
Rad8 19. Qa4 Qc8 20. cxd5 cxd5 21. Rad1 Rfe8 22. f4 Qf5 23. Rd4 g5 24. fxg5
Rxe5 25. Qa5 Rxe1+ 26. Bxe1 Bxd4 27. Qxd8+ Kg7 28. Qxd5 Qd3+ 29. Kg1 Nf4 {
Savina,A (2297)-Paehtz,E (2455)/St . Petersburg RUS 2009/The Week in Chess 749/
1/2-1/2 (35)}) 15... O-O 16. Rc1 a5 17. Bg2 Nh5 18. Bxg7 Kxg7 19. f4 Qe7 20.
Bf3 Qh4 21. Bxh5 Qxh5+ 22. Kd3 d5 23. Kc2 dxe4 24. Qd4+ Kg8 25. Kb1 Qf5 26. Qe3
a4 27. a3 Rab8 28. Rhe1 Rfd8 {
Relange,E (2478)-Hinks Edwards,T (2318)/France 1999/EXT 2000/1-0 (50)}) 14...
Bxf6 15. Qxd6 Rd8 16. Qxc6+ Kf8 17. f4 Bxb2 18. Rb1 Qc3 0-1

[Event "?"]
[Site "Ciego de Avila"]
[Date "2010.01.15"]
[Round "4"]
[White "Quesada Perez, Yasser"]
[Black "De la Paz Perdomo, Frank"]
[Result "1-0"]
[WhiteElo "2401"]
[BlackElo "2488"]
[PlyCount "53"]
[EventDate "2010.01.12"]
[EventCountry "CUB"]

1. e4 e5 2. Nf3 Nc6 3. Bb5 a6 4. Ba4 Nf6 5. O-O Be7 6. Re1 b5 7. Bb3 d6 8. c3
O-O 9. d4 Bg4 10. d5 Nb8 11. Nbd2 c6 12. h3 ({RR} 12. dxc6 Nxc6 13. h3 Bh5 14.
Nf1 Bg6 ({RR} 14... Qc7 15. Bg5 Na5 16. Bxf6 Bxf6 17. Bd5 Rab8 18. Ne3 Bg6 19.
b4 Nc6 20. Qd3 Be7 21. a4 Rfc8 22. axb5 axb5 23. Bxc6 Qxc6 24. Nd5 Bf8 25. Nh4
Bh5 26. Ra7 Rb7 27. Rea1 Rcb8 28. Nf5 Kh8 29. R1a6 {
Rudnicki,M (2188)-Adamowicz,K (2079)/Koszalin 2008/EXT 2009/1-0 (43)}) 15. Ng3
Nd7 {1/2-1/2 Nisman,B (2370)-Tomorhuyag,N (2405)/Bytom 1988/EXT 1997}) 12...
Bc8 13. dxc6 Nxc6 14. Nf1 h6 $146 ({RR} 14... Bb7 15. Ng3 Re8 16. Nf5 Bf8 17.
Ng5 d5 18. Bxd5 Nxd5 19. exd5 Ne7 20. Qh5 h6 21. Nxh6+ {
1-0 Gimadeev,A-Magnusson,J/Noordwijkerhout 1980/EXT 2008}) 15. Ng3 Be6 16. a4
Qd7 17. Nh4 d5 18. exd5 Bxd5 19. Nhf5 Rad8 20. axb5 axb5 21. Bxd5 Qxd5 22. Qxd5
Nxd5 23. Ra6 Nb8 24. Ra5 Rfe8 25. Rxb5 Bf8 26. Ne4 Nc6 27. Nxh6+ 1-0

[Event "?"]
[Site "Ciego de Avila"]
[Date "2010.01.16"]
[Round "5"]
[White "Bruzon Batista, Lazaro"]
[Black "Nogueiras Santiago, Jesus"]
[Result "1-0"]
[WhiteElo "2615"]
[BlackElo "2570"]
[PlyCount "55"]
[EventDate "2010.01.12"]
[EventCountry "CUB"]

1. e4 e6 2. d4 d5 3. Nd2 dxe4 4. Nxe4 Nd7 5. Nf3 Ngf6 6. Nxf6+ Nxf6 7. Be3 a6 (
{RR} 7... Bd6 8. Bd3 O-O 9. Qe2 b6 10. O-O-O Bb7 11. Kb1 Nd5 12. Bg5 Be7 13. h4
h6 14. Bc1 Qd6 15. Ne5 Nb4 16. Bc4 Bd5 17. Bxd5 Nxd5 18. g4 c5 19. c4 Nb4 20.
dxc5 Qxc5 21. a3 Na6 22. Nd7 {Ivanchuk,V (2734)-Drozdovskij,Y (2552)/Odessa/
Istanbul 2006/CBM 113 ext/1-0 (38)}) ({RR} 7... Nd5 8. Bd2 c5 9. dxc5 Bxc5 10.
Bd3 Bd7 11. O-O Qc7 12. c4 Nf4 13. Be4 O-O-O 14. b4 Be7 15. Qb3 g5 16. Rfe1 Bf6
17. Rad1 g4 18. Bxf4 Qxf4 19. Nd4 Ba4 20. Qxa4 Bxd4 21. Qc2 h5 22. g3 {
Michielsen,J (2309)-Van Ketel,R (2336)/Netherlands 2008/EXT 2009/1/2-1/2 (49)})
8. Bd3 b6 9. Qe2 $146 ({RR} 9. Ne5 Bb7 10. c3 Nd7 11. Nxd7 Qxd7 12. Qg4 h5 13.
Qg5 Qd5 14. Qxd5 Bxd5 {
1/2-1/2 Arzumanian,G (2446)-Maslak,K (2537)/Pardubice 2006/CBM 113 ext}) ({RR} 
9. O-O Bb7 10. c4 Be7 11. Qe2 c5 12. dxc5 bxc5 13. Bf4 ({RR} 13. Ne5 Bd6 14.
Bf4 Qe7 15. Rad1 Rd8 16. Bc2 O-O 17. Bg5 h6 18. Bh4 g5 19. Bg3 Bb8 20. f4 Rxd1
21. Rxd1 Rd8 22. Rf1 Bxe5 23. fxe5 Ne8 24. Be1 Ng7 25. Bc3 Qd7 26. h4 gxh4 27.
Qg4 Qc6 {Short,N (2676)-Kortschnoj,V (2608)/Gibraltar 2006/CBM 110 ext/1-0 (35)
}) 13... O-O 14. Rad1 Qb6 15. Ne5 Rfd8 16. b3 a5 17. Bc2 {
1/2-1/2 Thorhallsson,T (2448)-Kosic,D (2482)/Heraklio 2007/CBM 121}) 9... Bb7
10. O-O-O Bd6 11. Ne5 Nd5 12. Qg4 g6 13. Bg5 Be7 14. Bh6 f5 15. Qh3 Bg5+ 16.
Kb1 Bxh6 17. Qxh6 Qf6 18. Be2 O-O-O 19. Bf3 c5 20. c4 Ne7 21. Qe3 Bxf3 22. Qxf3
Kc7 23. Rhe1 Rxd4 24. Rxd4 cxd4 25. Qa3 f4 26. c5 Kb7 27. cxb6 Rc8 28. Qd6 1-0

[Event "?"]
[Site "Ciego de Avila"]
[Date "2010.01.16"]
[Round "?"]
[White "Arencibia Rodriguez, Walter"]
[Black "Quesada Perez, Yuniesky"]
[Result "0-1"]
[WhiteElo "2499"]
[BlackElo "2565"]
[PlyCount "58"]
[EventDate "2010.01.12"]
[EventCountry "CUB"]

1. d4 {Anand} Nf6 2. c4 e6 3. Nf3 b6 4. g3 Bb7 5. Bg2 Be7 6. O-O O-O 7. Re1 d5
8. cxd5 exd5 9. Nc3 Nbd7 10. Bf4 c5 11. Rc1 ({RR} 11. dxc5 Bxc5 ({RR} 11...
Nxc5 12. Be5 {RR} Re8 13. Qc2) ({RR} 11... bxc5 12. Nh4 {RR} Nb6 ({RR} 12...
Nh5 13. Nf5 ({RR} 13. Nxd5 Bxh4 14. gxh4 Bxd5 15. Qxd5 Nxf4 16. Qxa8 Qxa8 17.
Bxa8 Rxa8) 13... Nxf4 14. gxf4 Nb6 15. Nxd5 Bxd5 16. Bxd5 Nxd5 17. Qxd5 Bf6 ({
RR} 17... Qxd5 18. Nxe7+) 18. Rad1 Qa5 19. Nd6 Rad8 20. e4 Bxb2 21. e5) 13. Nf5
Re8 ({RR} 13... Qd7 14. e4 d4 15. Nb5 Qxb5 16. Nxe7+ Kh8 17. Nf5) 14. Nb5 Qd7 (
{RR} 14... Nh5 15. Bd6 Bf8 16. e4 Nf6 17. e5) 15. Nbd6 Bxd6 16. Nxd6 Re6 ({RR} 
16... Red8 17. Rc1 c4 18. Nxb7 Qxb7 19. Be5) 17. Bh3 Bc6 18. Qc1 c4 19. Be5 Rf8
20. Qf4 Nh5 21. Bxe6 fxe6 22. Qd4) 12. Nd4 Ne4 ({RR} 12... Re8 13. Rc1 Rc8 14.
Ncb5) 13. Nxe4 dxe4 14. Qd2 ({RR} 14. Nf5 Re8) 14... Nf6 ({RR} 14... Qf6 15.
Red1 Ne5) ({RR} 14... Re8 15. Red1) 15. Red1 Qd5 16. b4 Be7 ({RR} 16... Bxd4
17. Qxd4 Qxd4 18. Rxd4 Rac8 19. Rad1) 17. Qb2 Ng4 ({RR} 17... Rfd8 18. h3 Ne8)
({RR} 17... Rac8 18. b5) 18. f3 ({RR} 18. h3 Nxf2) 18... Nf6 ({RR} 18... exf3
19. Bxf3 ({RR} 19. exf3 Nf6 20. g4 ({RR} 20. Rac1) 20... Rfd8) 19... Qh5 20. e4
{RR} Rad8 21. Qe2 Ba6 22. b5 Rxd4 23. bxa6 Qc5) ({RR} 18... e3 19. Nf5 Qxf5 20.
fxg4 Qc8 21. Rac1) 19. Rac1 Rfd8 ({RR} 19... Qh5 20. g4) ({RR} 19... Rfc8 20.
Nc6 Bxc6 ({RR} 20... Qe6 21. Bh3 Qxc6 22. Bxc8) 21. Rxd5 Bxd5 22. Rxc8+ Rxc8
23. fxe4) 20. Bc7 Rd7 ({RR} 20... Re8 21. Nc6 Qe6 ({RR} 21... Qf5 22. a4)) 21.
Bh3 Rxc7 ({RR} 21... exf3 22. exf3 Rxc7 23. Rxc7 Bd6 24. Rc3) ({RR} 21... Rc8
22. Bxd7 Qxd7 23. Be5 Rxc1 24. Rxc1) 22. Rxc7 Bd6 23. Rcc1 Be5 ({RR} 23... exf3
24. Nxf3) 24. Bg2 ({RR} 24. f4 e3) 24... exf3 ({RR} 24... Rd8 25. e3 exf3 26.
Bxf3 Qd7 ({RR} 26... Qxf3 27. Nxf3 Rxd1+ 28. Rxd1) ({RR} 26... Bxd4 27. Rxd4
Qxf3 28. Rxd8+) 27. Bxb7 Qxb7 28. Nc6) 25. Bxf3 Qd7 {
Anand,V (2770)-Van Wely,L (2605)/Wijk aan Zee 1998/CBM 063/[Anand]/1-0 (42)}) (
{RR} 11. Ne5 Nxe5 12. Bxe5 Ne4 13. dxc5 Nxc3 14. bxc3 Bxc5 15. Bd4 Rc8 16. Qa4
Bc6 17. Qb3 Qd6 18. Red1 Rfd8 19. Rd2 h6 20. e3) ({RR} 11. Qb3 a6 12. a4 Rc8
13. Rad1 Re8 14. dxc5 Nxc5 15. Qa2 Nce4 16. Nxe4 Nxe4 17. Nd4 Bc5 18. Be3 Qf6
19. Qb3 h5 20. h4 Re7 21. Bh3 Rce8 22. Rd3 Nxf2 23. Bxf2 Rxe2 24. Rxe2 Rxe2 25.
Rf3 Rxf2) 11... Ne4 12. dxc5 ({RR} 12. Ne5 Nxe5 13. Bxe5 Nxc3 14. Rxc3 c4 15.
Rxc4 dxc4 16. Bxb7 Bb4 17. Rf1 a5 18. Bxa8 Qxa8 19. d5 Bc5 20. Qd2 b5 21. Rd1
Qa7 22. Bd4 Bxd4 23. Qxd4 Qxd4 24. Rxd4 Rc8 25. d6 Kf8 26. Kf1 b4 {
Jumabayev,R (2548)-Houriez,C (2304)/Porto Madryn ARG 2009/1-0 (42)}) 12... Nxc3
$146 ({RR} 12... Ndxc5 13. Nd4 ({RR} 13. Be5 Re8 14. Nb5 Bf8 15. Nbd4 a5) 13...
Qd7 ({RR} 13... Bf6 14. Bh3 Bc8 15. Bg2 Bb7 16. Be3 Rc8 17. Bh3 Nxc3 18. Rxc3
Rc7 19. Qc2 a5 20. Rd1 Re8 21. Qb1 g6 22. b4 axb4 23. Qxb4 Rce7 24. Ra3 Ne4 25.
Rb3 Be5 26. Qxb6 Qb8 27. Nc6 Bxc6 28. Qxc6 {
Szuhanek,R (2424)-Fodor,T (2183)/Paks 2004/CBM 100 ext/1-0 (57)}) 14. b4 Ne6
15. Nxe6 Qxe6 16. Qb3 Nxc3 17. Rxc3 d4 18. Qxe6 fxe6 19. Rc4 Bxg2 20. Kxg2 Bf6
21. Bd2 Rfd8 22. Rec1 Rd7 23. Rc7 Rad8 24. a4 Be5 25. Rxd7 Rxd7 26. Rc6 Kf7 27.
f4 {
Pogorelov,R (2421)-Fluvia Poyatos,J (2346)/Barcelona 2004/CBM 102 ext/1-0 (54)}
) ({RR} 12... Bxc5 13. Nxe4 dxe4 14. Nd2 e3 15. Bxe3 Bxg2 16. Bxc5 Nxc5 17.
Kxg2 Qd5+ 18. Nf3 Qxa2 19. b4 Rfd8 20. Qc2 Qxc2 21. Rxc2 Ne6 22. Ra1 Rd5 23.
Ra6 {1/2-1/2 Naumann,A (2518)-Pelletier,Y (2557)/Kallithea 2008/CBM 127}) 13.
bxc3 Nxc5 14. Ne5 Re8 15. Qc2 Bf8 16. Rcd1 g5 17. Nxf7 Kxf7 18. Qxh7+ Bg7 19.
Qh5+ Kg8 20. Bxg5 Re5 21. f4 Qe8 22. Qg4 Qe6 23. Qh5 Rf5 24. e4 Nxe4 25. Bh3
Raf8 26. Bxf5 Qxf5 27. g4 Qc8 28. Rxe4 dxe4 29. Be7 Qxc3 0-1

[Event "?"]
[Site "Ciego de Avila"]
[Date "2010.01.16"]
[Round "5"]
[White "Delgado Ramirez, Neuris"]
[Black "Gomez Garrido, Camilo"]
[Result "1/2-1/2"]
[WhiteElo "2595"]
[BlackElo "2497"]
[PlyCount "80"]
[EventDate "2010.01.12"]
[EventCountry "CUB"]

1. e4 c5 2. Nf3 d6 3. c3 Nf6 4. h3 Bd7 5. Bd3 ({RR} 5. Qc2 Bc6 6. d3 Nbd7 7.
Nbd2 g6 8. d4 cxd4 9. Nxd4 Bg7 10. Be2 O-O 11. O-O Nc5 12. Nxc6 bxc6 13. Re1 e5
14. b4 Ne6 15. Nc4 Qc7 16. Bf3 Rfe8 17. Bd2 Rad8 18. Rad1 h6 19. g3 Ng5 {
Svidler,P (2726)-Movsesian,S (2747)/Odessa UKR 2009/The Week in Chess 759/1/
2-1/2 (68)}) 5... Nc6 6. O-O g5 $146 ({RR} 6... e6 7. Bc2 Rc8 8. d3 ({RR} 8. d4
cxd4 9. cxd4 Nb4 10. Bb3 Bb5 11. Ba4 Qd7 12. Bxb5 Qxb5 13. Nc3 Qa6 14. Bg5 h6
15. Bxf6 gxf6 16. Rc1 Be7 17. Nd5 Rxc1 18. Qxc1 exd5 19. Qc8+ Bd8 20. exd5 Nxd5
21. Re1+ Ne7 22. Nh4 Qa5 {Krokay,U (2024)-Novotny,M (2272)/Litomysl CZE 2009/
The Week in Chess 741/0-1 (33)}) 8... Be7 9. Nbd2 O-O 10. Re1 Qc7 11. Nf1 Rfe8
12. Ng3 h6 13. a3 Bf8 14. Be3 e5 15. Bb3 Be6 16. Bxe6 Rxe6 17. d4 d5 18. dxe5
Nxe4 19. Qxd5 Nxg3 20. fxg3 Rd8 21. Qc4 {
Marjanovic,S (2505)-Ljubojevic,L (2625)/Belgrade 1987/CBM 004/0-1 (53)}) ({RR} 
6... g6 7. Bc2 e5 8. d4 cxd4 9. cxd4 Bg7 10. Nc3 O-O 11. Be3 Rc8 12. Rc1 Re8
13. d5 Na5 14. Nd2 Nh5 15. Kh2 Nf4 16. g3 Bxh3 17. Ba4 Bxf1 18. Qxf1 Rf8 19. b4
f5 20. bxa5 Nh5 21. exf5 {
Erturan,Y (2277)-Magalashvili,D (2178)/Ankara 2002/CBM 089 ext/1-0 (46)}) ({RR
} 6... Qc7 7. Bc2 Rc8 8. d4 cxd4 9. Nxd4 e6 10. Bg5 Be7 11. Bxf6 gxf6 12. Nxc6
Bxc6 13. Qh5 d5 14. Re1 Qf4 15. Qg4 Qxg4 16. hxg4 Rg8 17. f3 Bc5+ 18. Kh2 Bd6+
19. Kg1 Bc5+ 20. Kh2 Bd6+ 21. Kg1 {
Sponheim,O (2290)-Emunds,H/Germany 1988/GER-chT2/0-1 (34)}) 7. Be2 Rg8 8. d4 g4
9. hxg4 Bxg4 10. d5 Nb8 11. Bf4 Nbd7 12. Nbd2 Nh5 13. Be3 Nhf6 14. Ng5 h6 15.
Bxg4 Nxg4 16. Qxg4 hxg5 17. Qf5 g4 18. a4 Nf6 19. Rfb1 Qd7 20. Qxd7+ Nxd7 21.
b4 Bg7 22. bxc5 Bxc3 23. Ra2 Nxc5 24. Bxc5 dxc5 25. Rxb7 g3 26. Nf3 Rg4 27. Rc2
Ba5 28. Rc4 f6 29. fxg3 Rd8 30. Rxa7 Bb4 31. Nh4 Rxd5 32. exd5 Rxc4 33. Nf5
Rc1+ 34. Kf2 c4 35. Rc7 c3 36. Ne3 Ba5 37. Rc6 Ra1 38. Rc4 Bb6 39. Kf3 Bxe3 40.
Kxe3 c2 1/2-1/2

[Event "?"]
[Site "Ciego de Avila"]
[Date "2010.01.16"]
[Round "5"]
[White "Almeida Quintana, Omar"]
[Black "Ortiz Suarez, Isan Reynaldo"]
[Result "1/2-1/2"]
[WhiteElo "2538"]
[BlackElo "2527"]
[PlyCount "51"]
[EventDate "2010.01.12"]
[EventCountry "CUB"]

1. d4 d5 2. c4 c6 3. Nf3 Nf6 4. Nc3 a6 5. a4 e6 6. g3 dxc4 7. Bg2 c5 8. dxc5
Qxd1+ 9. Nxd1 Bxc5 10. Ne5 Ke7 ({RR} 10... Nd5 11. Ne3 Nxe3 12. Bxe3 Bxe3 13.
fxe3 c3 ({RR} 13... Nd7 14. Nxc4 Rb8 15. O-O Ke7 16. Rac1 Rd8 17. a5 f6 18.
Rfd1 b6 19. b4 bxa5 20. Nxa5 Ne5 21. Rc7+ Rd7 22. Nc6+ Nxc6 23. Rdxd7+ Bxd7 24.
Bxc6 Kd6 25. Rxd7+ Kxc6 26. Rxg7 Rb7 27. Rg4 f5 28. Rh4 {Gajewski,G (2581)
-Swiercz,D (2472)/Chotowa POL 2009/The Week in Chess 744/1/2-1/2 (65)}) 14. b4
Nd7 15. Nd3 Rb8 16. O-O b5 17. axb5 Rxb5 18. Rfc1 Ne5 19. Nxe5 Rxe5 20. Rxc3
O-O 21. Bc6 Rd8 22. e4 Kf8 23. Kf2 Ke7 24. b5 axb5 25. Ra7+ {
Anand,V (2791)-Wang Yue (2739)/Linares ESP 2009/The Week in Chess 746/1-0 (33)}
) 11. O-O Nd5 $146 ({RR} 11... Nbd7 12. Nxc4 Ra7 13. Bd2 b6 14. b4 Bd4 15. Rc1
Bb7 16. e3 Bxg2 17. Kxg2 Be5 18. f4 Bb8 19. Nf2 Rc7 20. e4 Rhc8 21. Na3 e5 22.
Kf3 h5 23. Rxc7 Rxc7 24. Rc1 Rxc1 25. Bxc1 Ne8 26. Nd3 {
Wang Rui (2481)-Zhou Weiqi (2388)/Yongchuan 2003/CBM 097/1/2-1/2 (34)}) 12. Ne3
Nc6 13. Nxc6+ bxc6 14. Nxc4 Bd7 15. Bd2 Rab8 16. Rfc1 Bb4 17. e4 Bxd2 18. Nxd2
Nf6 19. Rc2 Rb4 20. Bf1 Rhb8 21. Bxa6 Rxb2 22. Rxb2 Rxb2 23. Nc4 Rb8 24. Nd2
Rb2 25. Nc4 Rb8 26. Nd2 1/2-1/2

[Event "?"]
[Site "Ciego de Avila"]
[Date "2010.01.16"]
[Round "?"]
[White "Martinez Duany, Lelys Stanley"]
[Black "Gonzalez Vidal, Yuri"]
[Result "1/2-1/2"]
[WhiteElo "2506"]
[BlackElo "2523"]
[PlyCount "46"]
[EventDate "2010.01.12"]
[EventCountry "CUB"]

1. e4 c6 2. d4 d5 3. e5 Bf5 4. Nf3 e6 5. Be2 Nd7 6. O-O h6 7. b3 Ne7 8. Ba3 Bh7
$146 ({RR} 8... g5 9. c3 ({RR} 9. c4 Ng6 10. Bxf8 Kxf8 11. cxd5 cxd5 12. Bd3
Bxd3 13. Qxd3 Rc8 14. Qd2 Kg7 15. Nc3 Qa5 16. Rfc1 Nf4 17. g3 Rxc3 18. gxf4
Rhc8 19. Rd1 Qd8 20. Ne1 gxf4 21. Qxf4 Nf8 22. Nf3 Ng6 23. Qg3 Qd7 {
Lakunza Plazaola,A (2018)-Simutowe,A (2457)/Donostia 2008/CBM 123 Extra/0-1})
9... Ng6 10. Bxf8 Rxf8 11. Bd3 Bxd3 12. Qxd3 g4 13. Ne1 Qg5 14. Qe3 f6 15. exf6
Qxe3 16. fxe3 Rxf6 17. Rxf6 Nxf6 18. Nd2 Kf7 19. Nd3 Re8 20. Rf1 {
1/2-1/2 Benjamin,J (2555)-Hort,V (2560)/Manila 1992/TD}) ({RR} 8... Ng6 9. Bxf8
Ngxf8 10. c4 Ng6 11. Qd2 O-O 12. Nc3 Ne7 13. Rad1 Qc7 14. Nh4 Bh7 15. f4 Rad8
16. cxd5 Nxd5 17. Nxd5 cxd5 18. f5 Qb6 19. Kh1 f6 20. Bg4 exf5 21. Bxf5 fxe5
22. Bxd7 Rxf1+ 23. Rxf1 {Markovic,G (2270)-Gordic,M/Becici 1993/EXT 1997/1-0})
9. c4 Ng6 10. Bxf8 Ndxf8 11. Qd2 Nd7 12. cxd5 cxd5 13. Nc3 O-O 14. Rac1 a6 15.
Na4 Qb8 16. Bd3 Ne7 17. Bxh7+ Kxh7 18. Rc2 Nc6 19. Rfc1 Kg8 20. Nc5 Nxc5 21.
Rxc5 Qa7 22. b4 Rac8 23. a3 Ne7 1/2-1/2

[Event "?"]
[Site "Ciego de Avila"]
[Date "2010.01.16"]
[Round "5"]
[White "Perez Rodriguez, Luis Manuel"]
[Black "Bacallao Alonso, Yusnel"]
[Result "1/2-1/2"]
[WhiteElo "2487"]
[BlackElo "2512"]
[PlyCount "112"]
[EventDate "2010.01.12"]
[EventCountry "CUB"]

1. d4 Nf6 2. c4 g6 3. Nc3 d5 4. cxd5 Nxd5 5. e4 Nxc3 6. bxc3 Bg7 7. Bc4 c5 8.
Ne2 Nc6 9. Be3 O-O 10. O-O Bg4 11. f3 Na5 12. Bd3 cxd4 13. cxd4 Be6 14. d5 Bxa1
15. Qxa1 f6 16. Qd4 Bf7 17. Bh6 Re8 18. Bb5 e5 19. Qf2 Re7 20. f4 exf4 21. Qxf4
Qb6+ 22. Kh1 Bxd5 23. exd5 Qxb5 24. Qxf6 Qe8 25. Qd4 Rd8 26. h3 Rf7 27. Rxf7
Qxf7 28. Qc3 b6 29. Ng3 Re8 30. Qd4 Re1+ $146 ({RR} 30... g5 31. Ne4 ({RR} 31.
Bxg5 Qg7 32. Qh4 Qg6 33. Be7 Rxe7 34. Qxe7 Qxg3 35. d6 Qg7 36. Qc7 Qa1+ 37. Kh2
Qe5+ 38. Kh1 Qa1+ 39. Kh2 Qe5+ {
1/2-1/2 Petran,P (2337)-Varadi,V (2443)/Hungary 2008/EXT 2009 (39)}) 31... Qf1+
32. Kh2 Qf4+ 33. Kh1 Qe5 34. Nf6+ Kf7 35. Qd3 Kxf6 36. Qxh7 Qe7 37. Qd3 Qe1+
38. Kh2 Qe4 {0-1 Rakhmanov,A (2497)-Danin,A (2513)/Sochi 2007/CBM 118 ext (38)}
) 31. Kh2 Nb7 32. Ne4 Qe7 33. Nf6+ Kf7 34. Ng4 Nd6 35. Qh8 Re2 36. Be3 Qf8 37.
Qxh7+ Ke8 38. Ne5 Qf6 39. Qg8+ Ke7 40. Qh7+ Ke8 41. Qg8+ Ke7 42. Nxg6+ Kd7 43.
Nf8+ Kc7 44. Ne6+ Kb7 45. Qh7+ Ka8 46. Qg8+ Kb7 47. Qg3 Qf1 48. Qg7+ Ka6 49.
Nc7+ Kb7 50. Ne6+ Ka6 51. Nc7+ Kb7 52. Nb5+ Nf7 53. Nd6+ Ka6 54. Qg4 Nxd6 55.
Qa4+ Kb7 56. Qc6+ Ka6 1/2-1/2

[Event "?"]
[Site "Ciego de Avila"]
[Date "2010.01.16"]
[Round "5"]
[White "Vera Gonzalez, Quevedo Reynaldo"]
[Black "Hernandez Carmenates, Holden"]
[Result "1-0"]
[WhiteElo "2499"]
[BlackElo "2567"]
[PlyCount "129"]
[EventDate "2010.01.12"]
[EventCountry "CUB"]

1. d4 Nf6 2. c4 g6 3. Nc3 Bg7 4. e4 O-O 5. Nf3 c6 6. Bd3 d6 7. h3 e5 8. d5 ({RR
} 8. Be3 exd4 9. Bxd4 d5 10. cxd5 cxd5 11. O-O dxe4 12. Nxe4 Nxe4 13. Bxe4 Nd7
14. Bc2 Nb6 15. Bb3 Bxd4 16. Nxd4 Qf6 17. Re1 Bd7 18. Re3 Rad8 19. Rd3 a5 20.
a4 Bc6 21. Nxc6 bxc6 22. Rc1 Nd5 {
Georgiev,K (2666)-Kempinski,R (2619)/Gothenburg 2005/CBM 109/1-0 (67)}) ({RR} 
8. O-O Nbd7 9. Re1 Nh5 10. Bf1 a5 11. Be3 Nf4 12. a3 Qe7 13. Rb1 exd4 14. Bxf4
dxc3 15. Bxd6 c2 16. Bxe7 cxd1=Q 17. Rbxd1 Re8 18. Bd6 Bxb2 19. e5 f6 20. e6
Ne5 21. e7 Nxf3+ 22. gxf3 b6 {
Arutinian,D (2544)-Minasyan,A (2170)/Tbilisi 2007/CBM 118 ext/1-0 (50)}) 8...
Nh5 9. Bg5 Qe8 $146 ({RR} 9... f6 10. Be3 f5 11. exf5 gxf5 12. g4 Nf4 13. Bxf4
exf4 14. Bxf5 Bxf5 15. gxf5 Qf6 16. Qe2 Qxf5 17. O-O-O Na6 18. Qe6+ Qxe6 19.
dxe6 Nc5 20. Rxd6 Rad8 21. Rxd8 Rxd8 22. Kc2 Bxc3 23. bxc3 {
1/2-1/2 Khalifman,A (2700)-Wojtkiewicz,A (2568)/Liepaja 2001/CBM 085}) 10. O-O
Na6 11. Bc2 h6 12. Be3 c5 13. Ba4 Qe7 14. Re1 f5 15. exf5 Bxf5 16. g4 e4 17.
Nh2 Qh4 18. gxf5 gxf5 19. Kh1 Nb4 20. Rg1 Nd3 21. Bc2 Ne5 22. Bxh6 Kf7 23. Rg5
Bxh6 24. Rxh5 Qf6 25. Qe2 Rh8 26. Bxe4 fxe4 27. Nxe4 Qe7 28. Nxd6+ Qxd6 29.
Rxe5 Bg7 30. Qf3+ Kg8 31. Re6 Qd7 32. Rg1 Rh7 33. Qe3 Kh8 34. Re7 Qf5 35. Re8+
Rxe8 36. Qxe8+ Bf8 37. Rg3 Re7 38. Qd8 Qxf2 39. Rg1 Re1 40. Rxe1 Qxe1+ 41. Kg2
Qe2+ 42. Kg3 Qe5+ 43. Kf3 Qf5+ 44. Kg2 Kh7 45. Nf3 b5 46. Qh4+ Bh6 47. Qe7+ Kg8
48. Qe8+ Kh7 49. Qe7+ Kg8 50. Qe6+ Qxe6 51. dxe6 bxc4 52. Ne5 Kf8 53. Nxc4 Ke7
54. Kf3 Kxe6 55. Ke4 Bg5 56. b3 Bf6 57. Na3 a6 58. Nc4 Bg5 59. Ne3 Kd7 60. Nf5
Kc6 61. h4 Bf6 62. h5 Kb5 63. h6 Bg5 64. h7 Bf6 65. Kd5 1-0